Carribean Community Members Quiz Stats

 Plays Quiz not verified by Sporcle

Score 0/20 Timer 05:00
0 Plays Today
% Correct
Dominica
88.2%
Bahamas
87.6%
Jamaica
87.6%
Haiti
87.1%
St. Kitts and Nevis
84.8%
Trinidad and Tobago
84.8%
Barbados
84.3%
St. Vincent and the Grenadines
80.9%
St. Lucia
77.5%
Antigua and Barbuda
75.8%
% Correct
Grenada
72.5%
Guyana
47.8%
Belize
44.9%
Suriname
43.8%
Bermuda
42.7%
Cayman Islands
42.1%
British Virgin Islands
38.8%
Montserrat
32.6%
Anguilla
30.9%
Turks and Caicos Islands
27.5%

You're not logged in!

Compare scores with friends on all Sporcle quizzes.
OR
Log In

Show Comments

Extras

Top Quizzes Today


Score Distribution

Your Account Isn't Verified!

In order to create a playlist on Sporcle, you need to verify the email address you used during registration. Go to your Sporcle Settings to finish the process.

Report this User

Report this user for behavior that violates our Community Guidelines.

Details: